[Event "US Amateur Team West Championship"]
[Site "chess24.com"]
[Date "2020.02.17"]
[Round "4"]
[White "Doyle, Bryon"]
[Black "Xiong, Andy"]
[Result "1-0"]
[Board "4"]
[WhiteFideId "2053136"]
[WhiteElo "2043"]
[WhiteCountry "USA"]
[WhiteEloChange "2"]
[BlackFideId "30939240"]
[BlackElo "1634"]
[BlackCountry "USA"]
[BlackEloChange "-2"]

1. e4 {[%clk 1:59:39]} g6 {[%clk 1:59:56]} 2. d4 {[%clk 1:59:28]} Bg7 {[%clk
1:59:46]} 3. Nc3 {[%clk 1:59:10]} c6 {[%clk 1:59:32]} 4. f4 {[%clk 1:56:53]} d5
{[%clk 1:59:20]} 5. e5 {[%clk 1:56:36]} Nh6 {[%clk 1:59:10]} 6. Bd3 {[%clk
1:56:27]} O-O {[%clk 1:58:47]} 7. Nf3 {[%clk 1:56:27]} Bg4 {[%clk 1:58:34]} 8.
O-O {[%clk 1:56:21]} f6 {[%clk 1:58:27]} 9. h3 {[%clk 1:56:01]} Bxf3 {[%clk
1:56:36]} 10. Rxf3 {[%clk 1:56:00]} Qb6 {[%clk 1:54:31]} 11. Be3 {[%clk 1:48:44]}
Qxb2 {[%clk 1:47:26]} 12. Na4 {[%clk 1:45:59]} Qa3 {[%clk 1:45:14]} 13. c3 {[%clk
1:36:09]} b5 {[%clk 1:40:19]} 14. Bc2 {[%clk 1:35:41]} e6 {[%clk 1:40:16]} 15.
Nc5 {[%clk 1:34:52]} Re8 {[%clk 1:37:04]} 16. exf6 {[%clk 0:58:39]} Bxf6 {[%clk
1:36:35]} 17. g4 {[%clk 0:57:17]} Nf7 {[%clk 1:28:19]} 18. Bc1 {[%clk 0:49:02]}
Qa5 {[%clk 1:27:52]} 19. f5 {[%clk 0:48:28]} gxf5 {[%clk 1:23:51]} 20. gxf5
{[%clk 0:47:54]} e5 {[%clk 1:22:58]} 21. Ne6 {[%clk 0:40:36]} exd4 {[%clk
1:20:34]} 22. Rg3+ {[%clk 0:34:54]} Kh8 {[%clk 1:20:23]} 23. Qh5 {[%clk 0:34:48]}
Rg8 {[%clk 1:16:16]} 24. Rxg8+ {[%clk 0:27:08]} Kxg8 {[%clk 1:15:52]} 25. Bh6
{[%clk 0:26:38]} Nd6 {[%clk 1:13:32]} 26. Kh1 {[%clk 0:21:11]} Nd7 {[%clk
1:12:54]} 27. Rg1+ {[%clk 0:19:49]} Kh8 {[%clk 1:12:52]} 28. Qg4 {[%clk 0:18:28]}
Ne5 {[%clk 1:10:53]} 29. Qg2 {[%clk 0:17:04]} 1-0

[Event "US Amateur Team West Championship"]
[Site "chess24.com"]
[Date "2020.02.17"]
[Round "4"]
[White "Pan, Kevin"]
[Black "Bick, Gabriel James Koop"]
[Result "0-1"]
[Board "1"]
[WhiteFideId "30915708"]
[WhiteElo "2106"]
[WhiteCountry "USA"]
[WhiteEloChange "-3"]
[BlackFideId "2084058"]
[BlackElo "2397"]
[BlackCountry "USA"]
[BlackEloChange "3"]

1. e4 {[%clk 2:00:00]} e5 {[%clk 2:00:00]} 2. Nf3 {[%clk 1:59:53]} Nc6 {[%clk
1:59:59]} 3. Bb5 {[%clk 1:59:52]} a6 {[%clk 1:59:57]} 4. Ba4 {[%clk 1:59:50]} Nf6
{[%clk 1:59:54]} 5. Bxc6 {[%clk 1:59:44]} dxc6 {[%clk 1:59:50]} 6. d3 {[%clk
1:59:44]} Nd7 {[%clk 1:56:42]} 7. Nbd2 {[%clk 1:59:14]} Bd6 {[%clk 1:54:51]} 8.
Nc4 {[%clk 1:57:40]} O-O {[%clk 1:50:45]} 9. O-O {[%clk 1:55:34]} Re8 {[%clk
1:48:06]} 10. b3 {[%clk 1:53:45]} Bf8 {[%clk 1:42:34]} 11. Bb2 {[%clk 1:53:27]}
f6 {[%clk 1:41:56]} 12. Nh4 {[%clk 1:49:23]} Nc5 {[%clk 1:39:36]} 13. g3 {[%clk
1:44:32]} g6 {[%clk 1:33:26]} 14. Ng2 {[%clk 1:39:48]} Bg7 {[%clk 1:30:59]} 15.
f4 {[%clk 1:31:32]} exf4 {[%clk 1:30:09]} 16. gxf4 {[%clk 1:30:58]} f5 {[%clk
1:28:54]} 17. e5 {[%clk 1:27:42]} b6 {[%clk 1:24:27]} 18. Nce3 {[%clk 1:23:47]}
Qd7 {[%clk 1:19:27]} 19. d4 {[%clk 1:21:45]} Ne6 {[%clk 1:18:33]} 20. Qd3 {[%clk
1:18:00]} Rd8 {[%clk 1:17:00]} 21. Rad1 {[%clk 1:16:51]} a5 {[%clk 1:15:33]} 22.
a4 {[%clk 1:15:10]} Ba6 {[%clk 1:05:53]} 23. c4 {[%clk 1:13:57]} Qe7 {[%clk
0:43:24]} 24. Qc2 {[%clk 1:12:11]} Rd7 {[%clk 0:41:39]} 25. Bc3 {[%clk 1:06:37]}
Rad8 {[%clk 0:36:32]} 26. Qb2 {[%clk 1:06:04]} Bf8 {[%clk 0:34:10]} 27. Rd2
{[%clk 0:57:36]} Qa3 {[%clk 0:20:21]} 28. Qxa3 {[%clk 0:55:44]} Bxa3 {[%clk
0:20:21]} 29. Rfd1 {[%clk 0:55:37]} Bb4 {[%clk 0:13:39]} 30. Bxb4 {[%clk
0:53:55]} axb4 {[%clk 0:13:37]} 31. Nc2 {[%clk 0:53:11]} Bb7 {[%clk 0:11:38]} 32.
Kf1 {[%clk 0:44:32]} Nc5 {[%clk 0:09:27]} 33. Rb1 {[%clk 0:43:39]} Ne6 {[%clk
0:09:15]} 34. Rbd1 {[%clk 0:43:22]} b5 {[%clk 0:06:35]} 35. axb5 {[%clk 0:39:27]}
cxb5 {[%clk 0:06:34]} 36. d5 {[%clk 0:37:24]} Nc5 {[%clk 0:05:49]} 37. Nxb4
{[%clk 0:33:53]} Nxb3 {[%clk 0:05:09]} 38. Rc2 {[%clk 0:33:31]} bxc4 {[%clk
0:03:23]} 39. Rxc4 {[%clk 0:33:25]} c5 {[%clk 0:01:45]} 40. e6 {[%clk 0:29:22]}
cxb4 {[%clk 0:01:29]} 41. exd7 {[%clk 0:29:21]} Ba6 {[%clk 0:01:26]} 42. Ne3
{[%clk 0:29:10]} Na5 {[%clk 0:00:52]} 43. Rd4 {[%clk 0:28:18]} Rxd7 {[%clk
0:29:30]} 44. Kf2 {[%clk 0:57:17]} Nxc4 {[%clk 0:26:44]} 45. Nxc4 {[%clk
0:57:07]} Bxc4 {[%clk 0:19:00]} 46. Rxc4 {[%clk 0:57:02]} Rxd5 {[%clk 0:19:00]}
47. Rxb4 {[%clk 0:57:01]} Rd2+ {[%clk 0:18:57]} 48. Kg3 {[%clk 0:56:56]} Kg7
{[%clk 0:18:56]} 49. Rb7+ {[%clk 0:56:35]} Kh6 {[%clk 0:18:56]} 50. Ra7 {[%clk
0:54:31]} Rd3+ {[%clk 0:18:30]} 51. Kg2 {[%clk 0:51:50]} Kh5 {[%clk 0:17:40]} 52.
Rxh7+ {[%clk 0:50:31]} Kg4 {[%clk 0:17:40]} 53. h4 {[%clk 0:49:01]} Kxf4 {[%clk
0:13:12]} 54. h5 {[%clk 0:48:39]} g5 {[%clk 0:11:22]} 55. h6 {[%clk 0:47:20]} g4
{[%clk 0:10:23]} 56. Ra7 {[%clk 0:46:46]} Rh3 {[%clk 0:06:46]} 57. h7 {[%clk
0:46:14]} Kg5 {[%clk 0:06:15]} 58. Rg7+ {[%clk 0:46:14]} Kf6 {[%clk 0:05:37]} 0-1

[Event "US Amateur Team West Championship"]
[Site "chess24.com"]
[Date "2020.02.17"]
[Round "4"]
[White "Jirasek, Ladia"]
[Black "He, Stephen"]
[Result "1-0"]
[Board "2"]
[WhiteFideId "2094398"]
[WhiteTitle "IM"]
[WhiteElo "2383"]
[WhiteCountry "USA"]
[WhiteEloChange "2"]
[BlackFideId "30951348"]
[BlackElo "1785"]
[BlackCountry "USA"]
[BlackEloChange "-2"]

1. e4 {[%clk 2:00:00]} e5 {[%clk 1:59:49]} 2. Nf3 {[%clk 2:00:00]} Nc6 {[%clk
1:59:29]} 3. d4 {[%clk 2:00:00]} exd4 {[%clk 1:59:16]} 4. Nxd4 {[%clk 2:00:00]}
Bc5 {[%clk 1:59:08]} 5. Nxc6 {[%clk 1:59:58]} Qf6 {[%clk 1:55:59]} 6. Qf3 {[%clk
1:59:58]} dxc6 {[%clk 1:55:49]} 7. Nc3 {[%clk 1:59:37]} Be6 {[%clk 1:55:26]} 8.
Qg3 {[%clk 1:59:10]} O-O-O {[%clk 1:53:24]} 9. Be3 {[%clk 1:58:58]} Bxe3 {[%clk
1:51:51]} 10. Qxe3 {[%clk 1:58:58]} Qd4 {[%clk 1:51:45]} 11. Qxd4 {[%clk
1:56:59]} Rxd4 {[%clk 1:47:09]} 12. Bd3 {[%clk 1:56:10]} Nf6 {[%clk 1:45:29]} 13.
Ne2 {[%clk 1:48:26]} Rdd8 {[%clk 1:43:22]} 14. f3 {[%clk 1:43:07]} h6 {[%clk
1:41:38]} 15. Nf4 {[%clk 1:40:07]} g5 {[%clk 1:39:13]} 16. Nxe6 {[%clk 1:38:43]}
fxe6 {[%clk 1:39:13]} 17. Bc4 {[%clk 1:29:07]} Rhe8 {[%clk 1:36:52]} 18. Ke2
{[%clk 1:24:16]} e5 {[%clk 1:32:29]} 19. Rad1 {[%clk 1:12:48]} Rd6 {[%clk
1:27:45]} 20. Bf7 {[%clk 1:03:56]} Rf8 {[%clk 1:24:39]} 21. Bg6 {[%clk 1:01:13]}
Kd8 {[%clk 1:22:42]} 22. Bf5 {[%clk 0:57:26]} Rg8 {[%clk 1:18:40]} 23. Ke3 {[%clk
0:51:07]} Ke7 {[%clk 1:14:54]} 24. g3 {[%clk 0:49:33]} b6 {[%clk 1:03:52]} 25.
Rd3 {[%clk 0:45:58]} Rg7 {[%clk 1:01:38]} 26. b4 {[%clk 0:41:25]} Rg8 {[%clk
1:00:59]} 27. Ra3 {[%clk 0:40:24]} Ra8 {[%clk 0:59:00]} 28. h4 {[%clk 0:35:45]}
a6 {[%clk 0:55:44]} 29. hxg5 {[%clk 0:27:58]} hxg5 {[%clk 0:53:21]} 30. f4 {[%clk
0:26:11]} gxf4+ {[%clk 0:51:27]} 31. gxf4 {[%clk 0:25:59]} exf4+ {[%clk 0:50:26]}
32. Kxf4 {[%clk 0:25:59]} Rd4 {[%clk 0:48:23]} 33. Rg3 {[%clk 0:21:19]} Rf8
{[%clk 0:37:26]} 34. c3 {[%clk 0:16:32]} Rc4 {[%clk 0:33:30]} 35. Rh6 {[%clk
0:08:20]} Rf7 {[%clk 0:29:31]} 36. Ke5 {[%clk 0:06:28]} c5 {[%clk 0:26:33]} 37.
Rxf6 {[%clk 0:05:01]} Rxf6 {[%clk 0:24:20]} 38. Rg7+ {[%clk 0:04:59]} Kf8 {[%clk
0:24:14]} 39. Kxf6 {[%clk 0:04:55]} cxb4 {[%clk 0:24:14]} 40. Be6 {[%clk
0:04:42]} Rxe4 {[%clk 0:24:12]} 41. Rg8# {[%clk 0:04:42]} 1-0

[Event "US Amateur Team West Championship"]
[Site "chess24.com"]
[Date "2020.02.17"]
[Round "4"]
[White "Jiang, Nicholas"]
[Black "Taghizadeh, Rayan"]
[Result "1/2-1/2"]
[Board "3"]
[WhiteFideId "30952115"]
[WhiteElo "1706"]
[WhiteCountry "USA"]
[WhiteEloChange "8"]
[BlackFideId "2054019"]
[BlackTitle "FM"]
[BlackElo "2311"]
[BlackCountry "USA"]
[BlackEloChange "-8"]

1. e4 {[%clk 2:00:00]} c5 {[%clk 2:00:00]} 2. Nf3 {[%clk 2:00:00]} e6 {[%clk
2:00:00]} 3. d4 {[%clk 2:00:00]} cxd4 {[%clk 1:59:59]} 4. Nxd4 {[%clk 2:00:00]}
a6 {[%clk 1:59:59]} 5. Nc3 {[%clk 1:59:57]} b5 {[%clk 1:59:59]} 6. Bd3 {[%clk
1:58:41]} Bb7 {[%clk 1:59:53]} 7. O-O {[%clk 1:58:32]} Nc6 {[%clk 1:57:01]} 8.
Be3 {[%clk 1:58:07]} Qc7 {[%clk 1:54:34]} 9. a3 {[%clk 1:56:08]} Nf6 {[%clk
1:54:10]} 10. Qe2 {[%clk 1:54:05]} Be7 {[%clk 1:47:47]} 11. Rad1 {[%clk 1:53:12]}
Nxd4 {[%clk 1:43:57]} 12. Bxd4 {[%clk 1:53:12]} e5 {[%clk 1:43:38]} 13. Be3
{[%clk 1:52:35]} d6 {[%clk 1:42:52]} 14. Bg5 {[%clk 1:51:22]} O-O {[%clk
1:42:05]} 15. f4 {[%clk 1:47:14]} exf4 {[%clk 1:41:51]} 16. Bxf4 {[%clk 1:44:58]}
Rae8 {[%clk 1:40:33]} 17. Kh1 {[%clk 1:41:50]} Nd7 {[%clk 1:38:47]} 18. Qh5
{[%clk 1:37:39]} Ne5 {[%clk 1:31:01]} 19. Rde1 {[%clk 1:33:49]} Bf6 {[%clk
1:28:49]} 20. Re3 {[%clk 1:27:59]} g6 {[%clk 1:27:31]} 21. Rg3 {[%clk 1:22:41]}
Kh8 {[%clk 1:23:45]} 22. Qh6 {[%clk 1:18:41]} Bg7 {[%clk 1:17:01]} 23. Qh4 {[%clk
1:15:40]} Qe7 {[%clk 1:12:37]} 24. Bg5 {[%clk 1:14:13]} f6 {[%clk 1:12:37]} 25.
Rh3 {[%clk 1:11:50]} h5 {[%clk 1:11:44]} 26. Bf4 {[%clk 1:10:15]} Bc8 {[%clk
1:11:27]} 27. Re3 {[%clk 1:08:41]} Be6 {[%clk 1:08:45]} 28. h3 {[%clk 1:06:44]}
Kg8 {[%clk 1:07:55]} 29. Qe1 {[%clk 1:06:17]} Qd7 {[%clk 0:59:05]} 30. Nd5 {[%clk
0:59:53]} Qc6 {[%clk 0:53:06]} 31. Bxe5 {[%clk 0:57:40]} dxe5 {[%clk 0:50:57]}
32. Qh4 {[%clk 0:53:37]} Bc8 {[%clk 0:38:49]} 33. Ref3 {[%clk 0:50:13]} Re6
{[%clk 0:38:49]} 34. Rg3 {[%clk 0:05:26]} Kh7 {[%clk 0:35:05]} 35. Be2 {[%clk
0:40:08]} Qe8 {[%clk 0:23:05]} 36. Nc7 {[%clk 0:38:00]} Qf7 {[%clk 0:22:55]} 37.
Nxe6 {[%clk 0:37:52]} Bxe6 {[%clk 0:22:55]} 38. Rgf3 {[%clk 0:30:54]} g5 {[%clk
0:20:00]} 39. Qf2 {[%clk 0:30:20]} Qg6 {[%clk 0:18:15]} 40. Rc3 {[%clk 0:26:08]}
Kg8 {[%clk 0:15:00]} 41. g4 {[%clk 0:24:54]} hxg4 {[%clk 0:11:05]} 42. hxg4
{[%clk 0:24:24]} Qxe4+ {[%clk 0:10:38]} 43. Qf3 {[%clk 0:21:25]} Qd4 {[%clk
0:05:46]} 44. Rd1 {[%clk 0:21:11]} Qa7 {[%clk 0:05:22]} 45. Bd3 {[%clk 0:19:28]}
Qf7 {[%clk 0:21:51]} 46. Bf5 {[%clk 0:47:39]} Re8 {[%clk 0:21:06]} 47. Bxe6
{[%clk 0:43:18]} Rxe6 {[%clk 0:20:40]} 48. Rd8+ {[%clk 0:41:19]} Re8 {[%clk
0:20:20]} 49. Rxe8+ {[%clk 0:41:12]} Qxe8 {[%clk 0:20:20]} 50. Qd5+ {[%clk
0:41:03]} Kh7 {[%clk 0:19:49]} 51. Kg2 {[%clk 0:40:05]} Qe7 {[%clk 0:18:33]} 52.
Qe4+ {[%clk 0:37:58]} Kh8 {[%clk 0:18:10]} 53. Rc8+ {[%clk 0:37:29]} Bf8 {[%clk
0:18:10]} 54. Rb8 {[%clk 0:36:16]} Qd6 {[%clk 0:17:26]} 55. Rb7 {[%clk 0:35:28]}
Be7 {[%clk 0:17:26]} 56. Kh3 {[%clk 0:34:05]} Qc5 {[%clk 0:15:38]} 57. Qg6 {[%clk
0:34:05]} Qe3+ {[%clk 0:15:38]} 58. Kg2 {[%clk 0:34:05]} 1/2-1/2

[Event "US Amateur Team West Championship"]
[Site "chess24.com"]
[Date "2020.02.17"]
[Round "4"]
[White "Lemkin, Ben"]
[Black "Nachiappan, Aghilan"]
[Result "1/2-1/2"]
[Board "4"]
[WhiteFideId "30965098"]
[WhiteElo "1524"]
[WhiteCountry "USA"]
[WhiteEloChange "2"]
[BlackFideId "30915775"]
[BlackTitle "CM"]
[BlackElo "1594"]
[BlackCountry "USA"]
[BlackEloChange "-2"]

1. e4 {[%clk 2:00:00]} e5 {[%clk 2:00:00]} 2. Nf3 {[%clk 2:00:00]} Nc6 {[%clk
1:59:56]} 3. Nc3 {[%clk 1:59:50]} Nf6 {[%clk 1:59:53]} 4. d4 {[%clk 1:59:48]}
exd4 {[%clk 1:59:41]} 5. Nxd4 {[%clk 1:59:45]} Bb4 {[%clk 1:59:28]} 6. Nxc6
{[%clk 1:59:34]} bxc6 {[%clk 1:58:49]} 7. Bd3 {[%clk 1:58:50]} d5 {[%clk
1:58:39]} 8. Bd2 {[%clk 1:56:29]} O-O {[%clk 1:43:38]} 9. O-O {[%clk 1:48:23]}
Bxc3 {[%clk 1:41:08]} 10. Bxc3 {[%clk 1:48:11]} Nxe4 {[%clk 1:40:40]} 11. Bxe4
{[%clk 1:47:38]} dxe4 {[%clk 1:40:37]} 12. Qxd8 {[%clk 1:47:34]} Rxd8 {[%clk
1:40:37]} 13. Ba5 {[%clk 1:45:33]} Ba6 {[%clk 1:18:55]} 14. Rfe1 {[%clk 1:44:28]}
f5 {[%clk 1:18:07]} 15. Bxc7 {[%clk 1:43:05]} Rd2 {[%clk 1:16:46]} 16. Rac1
{[%clk 1:42:07]} Rd7 {[%clk 1:07:19]} 17. Bf4 {[%clk 1:41:24]} h6 {[%clk
1:05:59]} 18. Rcd1 {[%clk 1:39:22]} Rad8 {[%clk 1:05:14]} 19. Rxd7 {[%clk
1:38:43]} Rxd7 {[%clk 1:05:11]} 20. g3 {[%clk 1:38:27]} Bc4 {[%clk 1:03:57]} 21.
b3 {[%clk 1:37:02]} Bf7 {[%clk 1:03:55]} 22. h4 {[%clk 1:29:31]} Bh5 {[%clk
1:03:48]} 23. c4 {[%clk 1:27:36]} a5 {[%clk 0:58:16]} 24. Rb1 {[%clk 1:23:24]}
Bf3 {[%clk 0:56:40]} 25. Be3 {[%clk 1:18:43]} Rb7 {[%clk 0:49:48]} 26. Kf1 {[%clk
1:06:59]} a4 {[%clk 0:40:26]} 27. b4 {[%clk 1:01:02]} Rd7 {[%clk 0:32:23]} 28. b5
{[%clk 0:59:28]} cxb5 {[%clk 0:28:47]} 29. cxb5 {[%clk 0:59:09]} Rb7 {[%clk
0:24:50]} 30. b6 {[%clk 0:57:52]} Bh5 {[%clk 0:24:40]} 31. Rb5 {[%clk 0:47:59]}
Bf7 {[%clk 0:23:11]} 32. Ra5 {[%clk 0:42:13]} Bxa2 {[%clk 0:20:53]} 33. Rxa4
{[%clk 0:41:33]} Be6 {[%clk 0:18:52]} 34. Ke2 {[%clk 0:39:58]} Kf7 {[%clk
0:18:24]} 35. Kd2 {[%clk 0:37:52]} Kf6 {[%clk 0:14:05]} 36. Kc3 {[%clk 0:34:43]}
Ke5 {[%clk 0:07:37]} 37. Ra7 {[%clk 0:32:55]} Bd5 {[%clk 0:04:37]} 38. Bd4+
{[%clk 0:31:37]} Kd6 {[%clk 0:03:40]} 39. Rxb7 {[%clk 0:29:34]} Bxb7 {[%clk
0:03:40]} 40. Bxg7 {[%clk 0:29:15]} h5 {[%clk 0:03:40]} 41. Kd4 {[%clk 0:28:19]}
Ba6 {[%clk 0:00:29]} 42. Ke3 {[%clk 0:27:36]} Bf1 {[%clk 0:00:13]} 43. Be5+
{[%clk 0:26:11]} Kc6 {[%clk 0:00:11]} 1/2-1/2

[Event "US Amateur Team West Championship"]
[Site "chess24.com"]
[Date "2020.02.17"]
[Round "4"]
[White "Sevillano, Enrico"]
[Black "Sheng, Joshua"]
[Result "1/2-1/2"]
[Board "1"]
[WhiteFideId "5200156"]
[WhiteTitle "GM"]
[WhiteElo "2447"]
[WhiteCountry "USA"]
[BlackFideId "2057360"]
[BlackTitle "IM"]
[BlackElo "2474"]
[BlackCountry "USA"]

1. e4 {[%clk 1:58:17]} e5 {[%clk 1:58:50]} 2. Nf3 {[%clk 1:58:11]} Nc6 {[%clk
1:58:50]} 3. Bb5 {[%clk 1:57:58]} a6 {[%clk 1:58:48]} 4. Ba4 {[%clk 1:57:56]} Nf6
{[%clk 1:58:32]} 5. d3 {[%clk 1:57:35]} d6 {[%clk 1:58:08]} 6. O-O {[%clk
1:56:11]} b5 {[%clk 1:58:04]} 7. Bb3 {[%clk 1:56:11]} Na5 {[%clk 1:58:04]} 8.
Nbd2 {[%clk 1:55:52]} Be7 {[%clk 1:57:32]} 9. a4 {[%clk 1:54:46]} Nxb3 {[%clk
1:57:28]} 10. Nxb3 {[%clk 1:54:46]} Bd7 {[%clk 1:56:52]} 11. axb5 {[%clk
1:47:16]} axb5 {[%clk 1:56:52]} 12. Bd2 {[%clk 1:47:14]} O-O {[%clk 1:56:22]} 13.
Na5 {[%clk 1:46:07]} c5 {[%clk 1:55:07]} 14. b4 {[%clk 1:45:56]} Qc7 {[%clk
1:52:33]} 15. Re1 {[%clk 0:12:07]} Rfc8 {[%clk 1:49:11]} 16. h3 {[%clk 1:35:07]}
h6 {[%clk 1:45:26]} 17. c4 {[%clk 1:31:19]} bxc4 {[%clk 1:41:29]} 18. Nxc4 {[%clk
1:28:22]} cxb4 {[%clk 1:40:38]} 19. Bxb4 {[%clk 1:28:08]} Be6 {[%clk 1:40:18]}
20. Nfd2 {[%clk 1:24:44]} 1/2-1/2

[Event "US Amateur Team West Championship"]
[Site "chess24.com"]
[Date "2020.02.17"]
[Round "4"]
[White "Bian, Alex"]
[Black "Viswanathan, Arul"]
[Result "0-1"]
[Board "2"]
[WhiteFideId "2056372"]
[WhiteTitle "FM"]
[WhiteElo "2342"]
[WhiteCountry "USA"]
[WhiteEloChange "-18"]
[BlackFideId "2080559"]
[BlackElo "1837"]
[BlackCountry "USA"]
[BlackEloChange "18"]

1. e4 {[%clk 2:00:00]} c5 {[%clk 1:59:53]} 2. Nf3 {[%clk 2:00:00]} d6 {[%clk
1:59:53]} 3. d4 {[%clk 2:00:00]} cxd4 {[%clk 1:59:53]} 4. Nxd4 {[%clk 2:00:00]}
Nf6 {[%clk 1:59:53]} 5. Nc3 {[%clk 2:00:00]} a6 {[%clk 1:59:53]} 6. Bg5 {[%clk
2:00:00]} Nbd7 {[%clk 1:59:53]} 7. Qe2 {[%clk 2:00:00]} Qc7 {[%clk 1:58:12]} 8.
O-O-O {[%clk 1:59:51]} b5 {[%clk 1:57:03]} 9. a3 {[%clk 1:50:31]} Bb7 {[%clk
1:56:25]} 10. f4 {[%clk 1:49:55]} e6 {[%clk 1:53:23]} 11. g4 {[%clk 1:47:47]} Be7
{[%clk 1:52:22]} 12. Bg2 {[%clk 1:46:40]} Nb6 {[%clk 1:50:32]} 13. Bh4 {[%clk
1:35:45]} Nc4 {[%clk 1:49:26]} 14. Be1 {[%clk 1:35:16]} d5 {[%clk 1:39:20]} 15.
e5 {[%clk 1:24:46]} Nd7 {[%clk 1:38:54]} 16. h4 {[%clk 1:22:56]} Ndb6 {[%clk
1:37:53]} 17. Rh3 {[%clk 1:21:02]} b4 {[%clk 1:30:40]} 18. axb4 {[%clk 1:11:13]}
a5 {[%clk 1:22:51]} 19. Ncb5 {[%clk 0:43:24]} Qd7 {[%clk 1:22:25]} 20. bxa5
{[%clk 0:42:46]} Bc6 {[%clk 1:20:36]} 21. Nxc6 {[%clk 0:27:36]} Qxc6 {[%clk
1:20:35]} 22. Rb3 {[%clk 0:23:34]} Nxa5 {[%clk 1:18:42]} 23. Bxa5 {[%clk
0:19:20]} Rxa5 {[%clk 1:18:42]} 24. c3 {[%clk 0:18:28]} O-O {[%clk 1:15:10]} 25.
Nd4 {[%clk 0:17:14]} Qc7 {[%clk 1:14:02]} 26. f5 {[%clk 0:15:44]} Nc4 {[%clk
1:09:47]} 27. fxe6 {[%clk 0:12:32]} fxe6 {[%clk 1:08:36]} 28. Nxe6 {[%clk
0:12:01]} Qa7 {[%clk 1:08:31]} 29. Bxd5 {[%clk 0:06:42]} Rxd5 {[%clk 1:04:43]}
30. Rxd5 {[%clk 0:05:48]} Rf1+ {[%clk 1:03:29]} 31. Kc2 {[%clk 0:03:03]} Rf2
{[%clk 1:01:28]} 32. Rd2 {[%clk 0:00:35]} Rxe2 {[%clk 1:00:35]} 33. Rxe2 {[%clk
0:00:35]} Qa4 {[%clk 0:59:00]} 0-1

[Event "US Amateur Team West Championship"]
[Site "chess24.com"]
[Date "2020.02.17"]
[Round "4"]
[White "Eswaran, Aksithi"]
[Black "Nagarajan, Pranav"]
[Result "0-1"]
[Board "3"]
[WhiteFideId "2083485"]
[WhiteTitle "WCM"]
[WhiteElo "1745"]
[WhiteCountry "USA"]
[WhiteEloChange "-2"]
[BlackFideId "2078929"]
[BlackElo "2205"]
[BlackCountry "USA"]
[BlackEloChange "2"]

1. e4 {[%clk 2:00:00]} c5 {[%clk 1:59:37]} 2. Nf3 {[%clk 2:00:00]} d6 {[%clk
1:59:31]} 3. d4 {[%clk 2:00:00]} cxd4 {[%clk 1:59:31]} 4. Nxd4 {[%clk 2:00:00]}
Nf6 {[%clk 1:59:31]} 5. Nc3 {[%clk 1:59:59]} a6 {[%clk 1:59:21]} 6. f3 {[%clk
1:59:56]} e5 {[%clk 1:59:18]} 7. Nb3 {[%clk 1:59:55]} Be6 {[%clk 1:59:00]} 8. Be3
{[%clk 1:59:37]} Be7 {[%clk 1:58:59]} 9. Qd2 {[%clk 1:58:30]} Nbd7 {[%clk
1:58:19]} 10. O-O-O {[%clk 1:56:34]} h5 {[%clk 1:56:32]} 11. Be2 {[%clk 1:48:49]}
b5 {[%clk 1:56:18]} 12. Kb1 {[%clk 1:40:59]} Qc7 {[%clk 1:45:56]} 13. h3 {[%clk
1:27:32]} h4 {[%clk 1:41:22]} 14. Rhf1 {[%clk 1:21:54]} Nb6 {[%clk 1:35:31]} 15.
Bxb6 {[%clk 1:13:24]} Qxb6 {[%clk 1:35:31]} 16. Nd5 {[%clk 1:04:25]} Bxd5 {[%clk
1:29:24]} 17. exd5 {[%clk 1:04:21]} a5 {[%clk 1:27:37]} 18. Qd3 {[%clk 1:03:23]}
Rb8 {[%clk 1:27:16]} 19. Nd2 {[%clk 1:01:07]} Nh5 {[%clk 1:26:26]} 20. Ne4 {[%clk
0:48:40]} Nf4 {[%clk 1:22:28]} 21. Qd2 {[%clk 0:48:35]} Nxg2 {[%clk 1:02:28]} 22.
Rg1 {[%clk 0:40:23]} Ne3 {[%clk 1:01:47]} 23. Rc1 {[%clk 0:39:39]} g6 {[%clk
0:59:17]} 24. Rge1 {[%clk 0:27:48]} Nc4 {[%clk 0:52:25]} 25. Bxc4 {[%clk
0:24:46]} bxc4 {[%clk 0:52:25]} 26. Qc3 {[%clk 0:24:32]} Qb4 {[%clk 0:46:54]} 27.
Qxb4 {[%clk 0:21:16]} axb4 {[%clk 0:46:46]} 28. f4 {[%clk 0:13:31]} f5 {[%clk
0:42:54]} 29. Nd2 {[%clk 0:11:52]} c3 {[%clk 0:41:26]} 30. Nc4 {[%clk 0:11:35]}
e4 {[%clk 0:41:11]} 31. b3 {[%clk 0:11:04]} Rb5 {[%clk 0:40:50]} 32. Ne3 {[%clk
0:10:44]} Kf7 {[%clk 0:40:44]} 33. Rcd1 {[%clk 0:09:28]} Ra8 {[%clk 0:40:37]} 34.
Nc4 {[%clk 0:08:06]} Rb7 {[%clk 0:38:40]} 35. Rd4 {[%clk 0:07:04]} Ra6 {[%clk
0:38:10]} 36. a4 {[%clk 0:02:44]} bxa3 {[%clk 0:38:07]} 37. Ka2 {[%clk 0:02:43]}
Bf6 {[%clk 0:36:04]} 38. Rdd1 {[%clk 0:02:35]} g5 {[%clk 0:35:56]} 39. fxg5
{[%clk 0:01:46]} Bxg5 {[%clk 0:35:56]} 40. Rf1 {[%clk 0:01:00]} Kf6 {[%clk
0:34:24]} 41. Rde1 {[%clk 0:00:47]} Re7 {[%clk 0:34:10]} 42. Ne3 {[%clk 0:29:53]}
f4 {[%clk 0:57:29]} 43. Nd1 {[%clk 0:27:25]} Kf5 {[%clk 0:55:55]} 44. Nxc3 {[%clk
0:26:17]} Rc7 {[%clk 0:52:47]} 45. Nxe4 {[%clk 0:25:23]} Rxc2+ {[%clk 0:52:47]}
46. Ka1 {[%clk 0:24:25]} Bh6 {[%clk 0:52:41]} 47. Rg1 {[%clk 0:22:27]} f3 {[%clk
0:52:21]} 48. Rg4 {[%clk 0:21:49]} Re2 {[%clk 0:52:14]} 49. Rf1 {[%clk 0:20:26]}
Rxe4 {[%clk 0:52:12]} 50. Rxf3+ {[%clk 0:20:26]} Rf4 {[%clk 0:50:26]} 51. Rfxf4+
{[%clk 0:19:41]} Bxf4 {[%clk 0:50:26]} 52. Rxh4 {[%clk 0:19:38]} a2 {[%clk
0:50:21]} 0-1